| 000 | 00463nam a22001817a 4500 | ||
|---|---|---|---|
| 005 | 20230403144546.0 | ||
| 008 | 230331b |||||||| |||| 00| 0 eng d | ||
| 020 | _a978-81-265-4066-2 | ||
| 041 | _aeng | ||
| 082 | _a615.3 DEN-P | ||
| 100 |
_aDENYER,P STEPHEN, HODGES,NORMAN,AND OTHERS _97686 |
||
| 245 | _aPHARMACEUTICAL MICROBIOLOGY | ||
| 250 | _a8th ed. | ||
| 260 |
_bCBS _c2019 |
||
| 300 | _a513;P. | ||
| 650 |
_aPHARMACY _xB.PHARMA _97687 |
||
| 942 | _cBK | ||
| 999 |
_c8255 _d8253 |
||